Don't Delete The Kisses - Wolf Alice Lyrics - Statistics

General Stats
  • This quiz has been taken 63 times
  • The average score is 315 of 397
Answer Stats
Answer % Correct
a
100%
A
100%
I
100%
it
100%
It
100%
the
100%
The
100%
And
98%
and
98%
me?
98%
me
98%
Me
98%
What
98%
what
98%
you
98%
you,
98%
You
98%
for
95%
if
95%
it's
95%
its
95%
meant
95%
not
95%
see
95%
to
95%
To
95%
I'm
93%
like
93%
Love.
93%
love
93%
get
90%
go
90%
know
90%
make
90%
out,
90%
out
90%
sign
90%
take
90%
That
90%
that
90%
that?
90%
we
90%
But
88%
of
88%
world
88%
afterwards
86%
be
86%
do,
86%
do
86%
I'd
86%
I'll
86%
kisses
86%
my
86%
Delete
83%
lifetime,
83%
Mary
83%
signs
83%
then
83%
When
83%
whole
83%
In
81%
just
81%
never
81%
too
81%
at
79%
over
79%
room
79%
die
76%
end
76%
goodbye
76%
reduces
76%
were
76%
Hail
74%
Irish
74%
on
74%
send
74%
shy
74%
tell
74%
your
74%
are
71%
as
71%
let
71%
message
71%
really
71%
typing
71%
We'd
71%
mind
69%
scared
69%
show
69%
soon
69%
they
69%
'til
69%
excuses
67%
that's
67%
can't,
64%
French
64%
Instead,
64%
mine
64%
Pretending
64%
probably
64%
remember
64%
self-doubt
64%
yeah,
64%
Yeah,
64%
drunk
62%
girl
62%
How
62%
jokes
62%
laugh
62%
swiftly
62%
teenage
62%
well
62%
about
60%
doors
60%
eye
60%
is,
60%
little
60%
look
60%
made
60%
now
60%
overthinking
60%
think
60%
ask
57%
closing,
57%
have
57%
own
57%
they're
57%
wanna
57%
you've
57%
You've
57%
better
55%
down
55%
gossip's
55%
might
55%
myself
55%
rock
55%
trapped,
55%
all
52%
home,
52%
smile
52%
taken
52%
turned
52%
upside
52%
won't
52%
bit
50%
hand,
50%
notebook
50%
old
50%
write
50%
bus,
48%
exactly
48%
party
48%
Rewriting
48%
times
48%
will
48%
work
48%
cliche
45%
losing
45%
stupid
45%
waving
45%
around
43%
don't
43%
maybe
43%
romantic
43%
last
40%
leave
40%
night
40%
saw
40%
'Cause
38%
having
38%
okay,
38%
picture
38%
retelling
38%
eyes
36%
here's
36%
pass
36%
self-control
36%
since
36%
catch
33%
days
33%
exits
33%
few
33%
wait,
33%
electric,
31%
happen
31%
1000
29%
awful's
26%
Some
26%
true
26%
change,
21%
from
17%
things
17%
No matching quizzes found
Score Distribution
Percent of People with Each Score
Percentile by Number Answered
Your Score History
You have not taken this quiz